bet u wanna - Sabrina Carpenter - Statistics

General Stats
  • This quiz has been taken 39 times
  • The average score is 285 of 362
Answer Stats
Hint Answer % Correct
I
100%
me,
100%
me
100%
to
100%
you
100%
Pre-Chorus You
100%
I'm
95%
your
95%
Bet
90%
bet
90%
it
90%
on
90%
only
90%
Verse 1 Told
90%
told
90%
wanna
90%
when
90%
When
90%
all
85%
All
85%
It's
85%
Now
85%
now
85%
now)
85%
touch
85%
babe
80%
I'll
80%
so
80%
tell
80%
you're
80%
about
75%
And
75%
and
75%
can't
75%
Chorus Didn't
75%
didn't
75%
don't
75%
down
75%
know
75%
let
75%
(Let
75%
love
75%
the
75%
think
75%
unfoldin',
75%
what
75%
are
70%
If
70%
if
70%
left
70%
of
70%
Oh,
70%
(Oh,
70%
out
70%
that
70%
why
70%
been
65%
But
65%
go
65%
have
65%
lies
65%
off,
65%
said
65%
say
65%
there,
65%
way
65%
who
65%
baby
60%
between
60%
cold
60%
could
60%
dry
60%
feel
60%
found
60%
found)
60%
goodbye
60%
hate
60%
keep
60%
right,
60%
sold
60%
that's
60%
Yeah,
60%
'bout
55%
empty
55%
even
55%
feels
55%
friends
55%
gone
55%
holdin'
55%
Is
55%
light
55%
miss
55%
reminiscin'
55%
see
55%
space
55%
time
55%
wastin'
55%
you'd
55%
back,
50%
called
50%
control
50%
day
50%
Hurts
50%
other
50%
reach
50%
satisfied,
50%
saw
50%
side
50%
Slowly,
50%
slowly,
50%
still
50%
touche
50%
Verse 2 Chase
45%
chase
45%
fears?
45%
lights
45%
stay
45%
feedin'
40%
outta
40%
No matching quizzes found
Score Distribution
Percent of People with Each Score
Percentile by Number Answered
Your Score History
You have not taken this quiz